<?xml version="1.0" encoding="UTF-8"?>
<record
    xmlns:xsi="http://www.w3.org/2001/XMLSchema-instance"
    xsi:schemaLocation="http://www.loc.gov/MARC21/slim http://www.loc.gov/standards/marcxml/schema/MARC21slim.xsd"
    xmlns="http://www.loc.gov/MARC21/slim">

  <leader>03316nam a22003257a 4500</leader>
  <controlfield tag="003">CSPC</controlfield>
  <controlfield tag="005">20260420150754.0</controlfield>
  <controlfield tag="007">ta</controlfield>
  <controlfield tag="008">250206s2020    ph a     mabs 000 0 eng  </controlfield>
  <datafield tag="040" ind1=" " ind2=" ">
    <subfield code="c">CSPC </subfield>
    <subfield code="a">CSPC</subfield>
    <subfield code="b">eng </subfield>
    <subfield code="e">rda </subfield>
  </datafield>
  <datafield tag="090" ind1=" " ind2=" ">
    <subfield code="a">UTH BSOA G447s 2020</subfield>
  </datafield>
  <datafield tag="100" ind1="1" ind2=" ">
    <subfield code="a">Gito, Maecie C., </subfield>
    <subfield code="e">author. </subfield>
  </datafield>
  <datafield tag="245" ind1="1" ind2="0">
    <subfield code="a">Solid waste disposal practices of stall occupants in the wet market of Buhi, Camarines Sur /</subfield>
    <subfield code="c">Maecie C. Gito, Sharmaine N. Nieva, and Janeth T. Tucay. </subfield>
  </datafield>
  <datafield tag="260" ind1=" " ind2=" ">
    <subfield code="a">Buhi, Camarines Sur : </subfield>
    <subfield code="b">Camarines Sur Polytechnic Colleges, </subfield>
    <subfield code="c">2020. </subfield>
  </datafield>
  <datafield tag="300" ind1=" " ind2=" ">
    <subfield code="a">xx, 76 leaves : </subfield>
    <subfield code="b">illustrations ; </subfield>
    <subfield code="c">28 cm. </subfield>
  </datafield>
  <datafield tag="336" ind1=" " ind2=" ">
    <subfield code="2">rdacontent</subfield>
    <subfield code="a">text</subfield>
  </datafield>
  <datafield tag="337" ind1=" " ind2=" ">
    <subfield code="2">rdamedia</subfield>
    <subfield code="a">unmediated</subfield>
  </datafield>
  <datafield tag="338" ind1=" " ind2=" ">
    <subfield code="2">rdacarrier</subfield>
    <subfield code="a">volume</subfield>
  </datafield>
  <datafield tag="502" ind1=" " ind2=" ">
    <subfield code="a">Undergraduate Thesis (BSOA)- Office Administration. </subfield>
    <subfield code="c">Camarines Sur Polytechnic Colleges, 2020. </subfield>
  </datafield>
  <datafield tag="504" ind1=" " ind2=" ">
    <subfield code="a">Includes bibliographical references. </subfield>
  </datafield>
  <datafield tag="520" ind1="3" ind2=" ">
    <subfield code="a">This study aimed to determine the solid waste disposal practices by stall occupants in wet market of Buhi, Camarines Sur (1) The solid waste generated by stall occupants in terms of meat waste, fruits and vegetables, sea foods, foods, and merchandize wastes. (2) Solid waste disposal practices of stall occupants in wet market in Buhi, Camarines Sur in terms of methods waste disposal, place where you disposed your garbage, what are the techniques you implemented and what kind of waste usually encounter. (3) Awareness of the respondents, proper waste disposal practices in terms of Biodegradable and Non-biodegradable. (4) The program of LGU. Major findings includes: (1) five of the 25 percent or 14.29% had declared that their waste consisted of "teeth and balahibo ng baboy at baka", the waste generated in fish or sea foods stall were intestine, scale, jaws, and grills which all of the were five or 100% each, while five or 100% waste that is being generated in vegetables and fruits stalls, majority of the waste generated in food stall compose of five or 50% is plastic bags, and 100% are plastics and boxes waste generated in merchandize stall. (2) The top findings in methods of waste disposal is segregation of biodegradable and non-biodegradable with sixteen responses 64%, place where you dispose your garbage rank 1 is backyard, in the sanitizing area of disposal and majority of the respondents which are ranked 1st or thirteen respondents were covering the area with soil, majority of the techniques implemented is collecting without segregation with 12 respondents or 48% , mostly kind of waste do usually encountered with 10 or 40% is plastics. (3) Awareness of the respondents on proper waste disposal for, a) biodegradable assessed weighted was 1.68 and interpreted as partially aware, (b) non-biodegradable, recyclable and dispose ecologically assessed weighted was also 1.68 as interpreted as partially aware. (4) The program of LGU Buhi assessed weighted was 1.78 interpreted as partially aware. </subfield>
  </datafield>
  <datafield tag="700" ind1="1" ind2=" ">
    <subfield code="a">Nieva, Sharmaine N., </subfield>
    <subfield code="e">author. </subfield>
  </datafield>
  <datafield tag="700" ind1="1" ind2=" ">
    <subfield code="a">Tucay, Janeth T., </subfield>
    <subfield code="e">author. </subfield>
  </datafield>
  <datafield tag="720" ind1="1" ind2=" ">
    <subfield code="a">Oliva, Jose, </subfield>
    <subfield code="e">adviser. </subfield>
  </datafield>
  <datafield tag="720" ind1="1" ind2=" ">
    <subfield code="a">Oliveros, Josefin N., </subfield>
    <subfield code="e">panelist, chair. </subfield>
  </datafield>
  <datafield tag="720" ind1="1" ind2=" ">
    <subfield code="a">Lagatic, Alyssa DL., </subfield>
    <subfield code="e">panelist. </subfield>
  </datafield>
  <datafield tag="720" ind1="1" ind2=" ">
    <subfield code="a">Ta&#xF1;amor, Ma. Bernadette O., </subfield>
    <subfield code="e">panelist. </subfield>
  </datafield>
  <datafield tag="942" ind1=" " ind2=" ">
    <subfield code="2">ddc</subfield>
    <subfield code="n">0</subfield>
    <subfield code="c">UM</subfield>
    <subfield code="k">UTH </subfield>
    <subfield code="m">2020</subfield>
    <subfield code="h">G447s </subfield>
    <subfield code="i">BSOA</subfield>
  </datafield>
  <datafield tag="952" ind1=" " ind2=" ">
    <subfield code="0">0</subfield>
    <subfield code="1">0</subfield>
    <subfield code="2">ddc</subfield>
    <subfield code="4">0</subfield>
    <subfield code="7">0</subfield>
    <subfield code="a">BUHI</subfield>
    <subfield code="b">BUHI</subfield>
    <subfield code="c">UTH</subfield>
    <subfield code="d">2024-09-16</subfield>
    <subfield code="l">0</subfield>
    <subfield code="o">UTH BSOA G447s 2020</subfield>
    <subfield code="p">00118UM-BUH</subfield>
    <subfield code="r">2025-02-06 00:00:00</subfield>
    <subfield code="t">1-1</subfield>
    <subfield code="w">2024-09-16</subfield>
    <subfield code="y">UM</subfield>
  </datafield>
  <datafield tag="999" ind1=" " ind2=" ">
    <subfield code="c">28736</subfield>
    <subfield code="d">28736</subfield>
  </datafield>
</record>
